<?xml version="1.0" encoding="UTF-8"?><?xml-stylesheet type="text/xsl" href="static/style.xsl"?><OAI-PMH xmlns="http://www.openarchives.org/OAI/2.0/" xmlns:xsi="http://www.w3.org/2001/XMLSchema-instance" xsi:schemaLocation="http://www.openarchives.org/OAI/2.0/ http://www.openarchives.org/OAI/2.0/OAI-PMH.xsd"><responseDate>2026-06-01T01:23:37Z</responseDate><request verb="GetRecord" identifier="oai:riuma.uma.es:10630/19837" metadataPrefix="marc">https://riuma.uma.es/rest/oai/request</request><GetRecord><record><header><identifier>oai:riuma.uma.es:10630/19837</identifier><datestamp>2026-02-03T10:28:38Z</datestamp><setSpec>com_10630_1685</setSpec><setSpec>col_10630_38056</setSpec></header><metadata><record xmlns="http://www.loc.gov/MARC21/slim" xmlns:dcterms="http://purl.org/dc/terms/" xmlns:doc="http://www.lyncode.com/xoai" xmlns:xsi="http://www.w3.org/2001/XMLSchema-instance" xsi:schemaLocation="http://www.loc.gov/MARC21/slim http://www.loc.gov/standards/marcxml/schema/MARC21slim.xsd">
   <leader>00925njm 22002777a 4500</leader>
   <datafield ind2=" " ind1=" " tag="042">
      <subfield code="a">dc</subfield>
   </datafield>
   <datafield ind2=" " ind1=" " tag="720">
      <subfield code="a">Porras Palma, Alex Javier</subfield>
      <subfield code="e">author</subfield>
   </datafield>
   <datafield ind2=" " ind1=" " tag="260">
      <subfield code="c">2020-09-28</subfield>
   </datafield>
   <datafield ind2=" " ind1=" " tag="520">
      <subfield code="a">Maltego is an open-source intelligence (OSINT) and graphical link analysis tool for gathering and connecting information for investigative tasks. Being a general-purpose tool, this master’s thesis aims to its application to malware investigation. Maltego uses “transforms” to define relationships. With the goal of expanding the relationships offered by Maltego, we propose using the library “Maltego-TRX” to define transforms that include the relationships available in VirusTotal. VirusTotal is an online tool that inspects files, domains, and URLs with antivirus scanners and blacklisting services in addition to different tools for signal extraction. The information available at VirusTotal can be visualized using VirusTotal Graph, which is of great utility for malware analysis, however, it does not offer all of the features Maltego includes. In addition, we suggest the option of importing the graphs created in VirusTotal graph into Maltego in a transparent way for the user. With these improvements, the use of Maltego can be extended to malware analysis in a clearer way, given that VirusTotal data will be included in Maltego with the specific interpretation malware analysis requires.</subfield>
   </datafield>
   <datafield ind1="8" ind2=" " tag="024">
      <subfield code="a">https://hdl.handle.net/10630/19837</subfield>
   </datafield>
   <datafield tag="653" ind2=" " ind1=" ">
      <subfield code="a">Seguridad informática</subfield>
   </datafield>
   <datafield tag="653" ind2=" " ind1=" ">
      <subfield code="a">Virus informáticos</subfield>
   </datafield>
   <datafield ind2="0" ind1="0" tag="245">
      <subfield code="a">VirusTotal plugin for Maltego</subfield>
   </datafield>
</record>
</metadata></record></GetRecord></OAI-PMH>